000 00922nas a2200289 4500
001 BR0704390
003 BR-BrBNA
005 20231205111111.0
007 ta
008 230509b bl.|||p| |||| 00| 00por d
040 _aBR-BrBNA
_bpor
_cBiblioteca Nacional de Agricultura
041 _a(Pt)
072 _aS01
100 1 _aDias, A.C.P.
100 1 _aPinto, N.A.V.D.
100 1 _aYamada, L.T.P.
100 1 _aMendes, K.L.
100 1 _aFernandes, A.G.
245 1 _aAvaliação do consumo de hortaliças não convencionais pelos usuários das unidades do programa saúde da família (PSF)de Diamantina-MG
650 _aNUTRIÇÃO HUMANA
650 _aCONSUMO ALIMENTAR
650 _aHORTALIÇA
650 _aMINAS GERAIS
773 0 _tAlimentos e Nutrição (Brazil)
_xISSN 0103-4235
_g(Jul-Sep 2005), v. 16(3) p. 279-284
_wBR0704390
909 _a202311
_bLúcia
_c55
_dLúcia Elande
942 _2AGRIS
_n0
_cANA
999 _c190651
_d190651